International economics / (Record no. 126631)

MARC details
000 -LEADER
fixed length control field 00869nam a22002657a 4500
003 - CONTROL NUMBER IDENTIFIER
control field dpl
005 - DATE AND TIME OF LATEST TRANSACTION
control field 20180801142211.0
008 - FIXED-LENGTH DATA ELEMENTS--GENERAL INFORMATION
fixed length control field 180801b xxu||||| |||| 00| 0 eng d
010 ## - LIBRARY OF CONGRESS CONTROL NUMBER
LC control number B-106256
020 ## - INTERNATIONAL STANDARD BOOK NUMBER
Terms of availability 295.00
International Standard Book Number 8120323114
035 ## - SYSTEM CONTROL NUMBER
System control number B-106256, B-106258
037 ## - SOURCE OF ACQUISITION
Source of stock number/acquisition Cen Lib/Ret
040 ## - CATALOGING SOURCE
Original cataloging agency DPL
Language of cataloging EN
Transcribing agency 0
082 ## - DEWEY DECIMAL CLASSIFICATION NUMBER
Classification number 337
Item number SAW
100 ## - MAIN ENTRY--PERSONAL NAME
Personal name Sawyer, W.Charles
9 (RLIN) 90111
245 ## - TITLE STATEMENT
Title International economics /
Statement of responsibility, etc by W. Charles Sawyer [and] Richard L. Sprinkle
260 ## - PUBLICATION, DISTRIBUTION, ETC. (IMPRINT)
Place of publication, distribution, etc New Delhi
Name of publisher, distributor, etc Prentice Hall of India
Date of publication, distribution, etc 2003
270 ## - ADDRESS
Address M-97, connaught circus
City New Delhi
Postal code 110001
300 ## - PHYSICAL DESCRIPTION
Extent xix, 444p.
Dimensions 24cm(Hb)
500 ## - GENERAL NOTE
General note Includes bibliographical references and index
650 ## - SUBJECT ADDED ENTRY--TOPICAL TERM
Topical term or geographic name as entry element International economics
9 (RLIN) 18033
650 ## - SUBJECT ADDED ENTRY--TOPICAL TERM
Topical term or geographic name as entry element import & exports
9 (RLIN) 18034
700 ## - ADDED ENTRY--PERSONAL NAME
Personal name Sprinkle, Richard L.
9 (RLIN) 18035
942 ## - ADDED ENTRY ELEMENTS (KOHA)
Source of classification or shelving scheme Dewey Decimal Classification
Koha item type English Books
Classification part 337
Call number suffix SAW
Holdings
Withdrawn status Lost status Damaged status Not for loan Home library Current library Date acquired Source of acquisition Cost, normal purchase price Total Checkouts Total Renewals Full call number Barcode Date last seen Date checked out Copy number Cost, replacement price Price effective from Koha item type Source of classification or shelving scheme Collection code
        Central Library Central Library 26/06/2015 Cen Lib/Ret 295.00 3 3 337 SAW B-106256 07/01/2025 17/12/2024 1 295.00 26/06/2015 English Books    
        Shahdara Branch Shahdara Branch 01/08/2018 BPPD/PUB 295.00 2 1 337 SAW B-106258 11/01/2023 31/07/2021   295.00 01/08/2018 English Books Dewey Decimal Classification Non-fiction

© Delhi Public Library
Hit Counter
free hit counter